Umělá inkubace a ruční odchov papoušků /

Hlavní autor: Reinschmidt, Matthias
Jazyk: Čeština
Vydáno: České Budějovice : Dona, 2009
Vydání: 1. vyd.
Témata:
Externí odkaz: Digitalizovaný dokument
Fyzický popis: 125 s. : barev. il. ; 27 cm
Knihy
Uloženo v:
LEADER 01840nam a2200505 a 4500
001 nkc20092008816
003 CZ PrNK
005 20170724105608.0
007 ta
008 091120s2009 xr a e f 000 0 cze
015 |a cnb002008816 
020 |a 978-80-7322-133-1  |q (brož.) 
035 |a (OCoLC)500012282 
040 |a ABA001  |b cze 
041 1 |a cze  |h ger 
072 7 |a 636  |x Chov zvířat. Živočišná výroba  |2 Konspekt  |9 24 
080 |a 636.68  |2 MRF 
080 |a 636.68.08  |2 MRF 
080 |a 636.082  |2 MRF 
080 |a 636.082.474  |2 MRF 
080 |a (035)  |2 MRF 
100 1 |a Reinschmidt, Matthias  |7 mzk2009543996  |4 aut 
245 1 0 |a Umělá inkubace a ruční odchov papoušků /  |c Matthias Reinschmidt ; [překlad Jana Dušková] 
250 |a 1. vyd. 
260 |a České Budějovice :  |b Dona,  |c 2009 
300 |a 125 s. :  |b barev. il. ;  |c 27 cm 
500 |a Přeloženo z němčiny 
504 |a Obsahuje bibliografii 
650 0 7 |a papoušci  |7 ph135302  |2 czenas 
650 0 7 |a chov okrasných ptáků  |7 ph920859  |2 czenas 
650 0 7 |a rozmnožování živočichů  |7 ph125266  |2 czenas 
650 0 7 |a umělé líhnutí  |7 ph135090  |2 czenas 
650 0 9 |a parrots  |2 eczenas 
650 0 9 |a keeping of ornamental birds  |2 eczenas 
650 0 9 |a animal reproduction  |2 eczenas 
650 0 9 |a artificial hatching  |2 eczenas 
655 7 |a příručky  |7 fd133209  |2 czenas 
655 9 |a handbooks and manuals  |2 eczenas 
765 0 |t Kunstbrut und Handaufzucht von Papageien und Sittichen  |9 Česky 
856 4 1 |u http://www.digitalniknihovna.cz/mzk/uuid/uuid:a7eb16c0-e784-11e6-8a71-005056827e52  |y Digitalizovaný dokument  |x NDK 
910 2 |a BOA001  |b 3-1232.409 
990 |a BK 
995 |a 01 
991 |b 200911  |c NOV  |j 636.6 REI 
996 6 |b 2610395815  |c 3-1232.409  |l MZK  |r Sklad / do 1 hodiny  |n 1  |p p.v.  |w 000974956  |u 000010  |a 1  |e BOA001  |j MZK50  |s P